• 首页
  • 本馆介绍
  • 公告通知
  • 最新文献
  • 馆藏检索
  • 电子资源
  • 读者导购
  • 参考咨询
  • 我的图书馆
  • 登录
  • 详细信息显示
  • 放入我的书架
  • 预约/预借图书
  • 作者相关作品
  • 分类相关作品
  • 丛书相关作品
  • 出版社相关作品

书目信息

  • 表格格式
  • 工作单格式
  • 卡片格式
题名:
泱泱汉风
    
 
作者: 葛剑雄 著
分册:  
出版信息: 广州   广东人民出版社  2021
页数: 257页
开本: 21cm
丛书名: 爱上历史丛书
单 册:
中图分类: K234.07
科图分类:
主题词: 史评--中国--汉代
电子资源:
ISBN: 978-7-218-14670-6
000 01015nam0 2200265 450
001 011420381
005 20210923132306.0
010    @a978-7-218-14670-6@dCNY58.00
100    @a20210923d2021 em y0chiy0120 ea
101 0  @achi
102    @aCN@b440000
105    @ay z 000yy
106    @ar
200 1  @a泱泱汉风@9yang yang han feng@e两汉的兴衰@f葛剑雄著
210    @a广州@c广东人民出版社@d2021
215    @a257页@d21cm
225 1  @a爱上历史丛书
300    @a拿起就放不下的中国通史私教课·两汉
330    @a本书从汉朝四百年的沧桑变革中选取了若干重要的片断,如楚汉之争、西汉初年的内政外交、汉与匈奴的战和、汉武帝晚年施政的成败功过、空前庞大的疆域、王莽篡汉始末、商人阶层的崛起与商业的迅速发展、汉帝国与西方世界的交往史、东汉的党锢之祸、汉魏禅让等,从一个崭新的视角解读汉朝历史的嬗变过程。
461  0 @12001 @a爱上历史丛书
606 0  @a史评@y中国@z汉代
690    @aK234.07@v5
701  0 @a葛剑雄@9ge jian xiong@f(1945.12-)@4著
801  0 @aCN@bBJXHZP@c20230228
905    @b1399819-22@dK234.07@e126@f4
    
    泱泱汉风:两汉的兴衰/葛剑雄著.-广州:广东人民出版社,2021
    257页;21cm.-(爱上历史丛书)
    拿起就放不下的中国通史私教课·两汉
    
    ISBN 978-7-218-14670-6:CNY58.00
    本书从汉朝四百年的沧桑变革中选取了若干重要的片断,如楚汉之争、西汉初年的内政外交、汉与匈奴的战和、汉武帝晚年施政的成败功过、空前庞大的疆域、王莽篡汉始末、商人阶层的崛起与商业的迅速发展、汉帝国与西方世界的交往史、东汉的党锢之祸、汉魏禅让等,从一个崭新的视角解读汉朝历史的嬗变过程。
●
相关链接 在E读中查询图书 在五车中查询图书 在当当中查询图书 在豆瓣中查询图书


正题名:泱泱汉风     索取号:K234.07/126         预约/预借

序号 登录号 条形码 馆藏地/架位号 状态 备注
1 1399819   213998192   第二样本阅览室/ [索取号:K234.07/126] 在馆    
2 1399820   213998209   第二借阅区/ [索取号:K234.07/126] 在馆    
3 1399821   213998218   第二借阅区/ [索取号:K234.07/126] 在馆    
4 1399822   213998227   第二借阅区/ [索取号:K234.07/126] 在馆    
唐山师范学院图书馆 欢迎您!
大连网信软件有限公司© 版权所有